Aller au contenu

Эндопротезирование тазобедренного сустава практическое руководство

В руководстве рассмотрена проблема эндопротезирования тазобедренного сустава при его повреждениях и заболеваниях. В большом литературном обзоре приведены отдаленные результаты различных методов хирургического лечения тазобедренного сустава, изложена история применения эндопротезов тазобедренного сус...

Description complète

Enregistré dans:
Détails bibliographiques
Auteur principal: Загородний Н.В
Format: Книга
Sujets:
Accès en ligne:https://www.studentlibrary.ru/book/ISBN9785970422250.html
Tags: Ajouter un tag
Pas de tags, Soyez le premier à ajouter un tag!
LEADER 02618nam a2200253 4500
001 book/ISBN9785970422250
005 20250903142001.0
010 |a 978-5-9704-2225-0 
100 |a 20131128c2012 u y0rusy50 ca 
101 | |a rus 
102 |a RU 
105 |a ||||||||000yy 
200 1 |a Эндопротезирование тазобедренного сустава  |e практическое руководство  |f Загородний Н.В. 
210 1 |a Москва  |c ГЭОТАР-Медиа  |d 2012 
215 |a 704 c. 
330 |a В руководстве рассмотрена проблема эндопротезирования тазобедренного сустава при его повреждениях и заболеваниях. В большом литературном обзоре приведены отдаленные результаты различных методов хирургического лечения тазобедренного сустава, изложена история применения эндопротезов тазобедренного сустава. Описана биомеханика сустава, этапы операций эндопротезирования при применении различных видов имплантатов. В кратком виде представлена материаловедческая сторона проблемы изготовления эндопротезов. Описаны техника эндопротезирования тазобедренного сустава, реабилитация больных после операции, осложнения, а также перспективы дальнейшего развития эндопротезостроения. Руководство предназначено для ортопедов и травматологов, занимающихся вопросами эндопротезирования тазобедренного сустава, ординаторов, аспирантов, хирургов, терапевтов, ревматологов и реабилитологов. 
610 0 |a Травматология и ортопедия 
610 0 |a Медицинская реабилитация 
610 0 |a Хирургические болезни 
610 0 |a Клиническая медицина 
700 1 |a Загородний  |b Н.В. 
801 0 |a RU  |b Geotar  |c 20131128  |g RCR  |2 rusmarc 
801 1 |a RU  |b Geotar  |c 20131128 
856 4 |u https://www.studentlibrary.ru/book/ISBN9785970422250.html 
Cannot write session to /tmp/vufind_sessions/sess_pcocvjiba0mjkpjr06glkpefhm